01540nam a22002297a 4500008004100000020001800041040000800059041001300067050002300080100003300103245006800136250002000204260006300224300004100287490006400328520072300392650004301115650002401158942000801182952010501190999001501295250618b |||||||| |||| 00| 0 eng d a9783825352899 ctbs aengager aPE1137 b.S29 2001 aSauer, Walter925514eauthor aAmerican English pronounciationb: a drillbookc/ Walter Sauer. aFourth edition. aHeidelberg, Germany :bUniversitätsverlag Winter c2011. a128 pages :billustrations ;c21 cm. aSprachwissenschaftliche Studienbücher ;vErste Abteilung. a'American English Pronunciation: A Drillbook' is designed to accompany lecture courses on American English phonetics and language laboratory classes in American English pronunciation at university level. It is equally suitable as a self-instructional program for anyone wishing to improve their American English pronunciation. Part I (Pronunciation Practice) provides pronunciation exercises to be used in conjunction with additional audio material (available on request) or following the model of a native speaker. Part II (Transcription Practice) presents model texts for phonetic transcription. In both parts, orthographic text and phonetic script appear on facing pages. Several phonetic puzzles are also included. 0aEnglish languagexPronunciation925516 0aAmericanisms925515 2lcc 00102lcc4070aTBSbTBSd2025-06-18l0oP-EN LEARN SAUpB05766r2025-06-18t1w2025-06-18yENGLISH c4768d4768